000 00536nam a22001697a 4500
005 20251108171206.0
008 250721s1995 xx 000 0 ara d
082 1 4 _a210.4301412/عمر
100 1 _aحمزة، عمر يوسف
245 1 0 _aمن قضايا المرأة في الإسلام /
264 1 _aالقاهرة :
_bالدار المصرية اللبنانية،
_c1995.
300 _a55ص.
650 1 7 _aالمرأة في الإسلام
650 1 7 _aالإسلام و المرأة
942 _2ddc
_cBK
999 _c58934
_d58934